Normal view
MARC view
- The Prophetic
Entry Topical Term
001 - CONTROL NUMBER
- control field: 106040
003 - CONTROL NUMBER IDENTIFIER
- control field: NUST
005 - DATE AND TIME OF LATEST TRANSACTION
- control field: 20221227124341.0
008 - FIXED-LENGTH DATA ELEMENTS
- fixed length control field: 221227|| aca||aabn | a|a d
040 ## - CATALOGING SOURCE
- Original cataloging agency: NUST
- Transcribing agency: NUST
150 ## - HEADING--TOPICAL TERM
- Topical term or geographic name entry element: The Prophetic
670 ## - SOURCE DATA FOUND
- Source citation: Work cat.: (NUST)185184: AL - JAwziyyal, Ibn Qayyim 106039, The Prophetic Medicine/, 1997
